| 000 | 00833cam a2200253 a 4500 | ||
|---|---|---|---|
| 008 | |||
| 020 | _a0192100068 (hbk.) | ||
| 049 | _aMAIN | ||
| 090 |
_aREF NA31 _bCUR |
||
| 100 | 1 | _aCurl, James Stevens. | |
| 245 | 1 | 2 |
_aA dictionary of architecture / _cJames Stevens Curl ; with line-drawings by the author and John Sambrook. |
| 260 |
_aOxford : _bOxford University Press, _c1999. |
||
| 300 |
_axi, 833 p. : _bill. ; _c25 cm. |
||
| 504 | _aIncludes bibliographical references. | ||
| 650 | 0 |
_aArchitecture _xDictionaries. |
|
| 650 | 4 |
_aArchitecture _vDictionaries. |
|
| 650 | 6 |
_aArchitecture _vDictionnaires anglais |
|
| 700 | 1 | _aSambrook, John J. | |
| 907 |
_a.b10025893 _b15-02-19 _c17-04-03 |
||
| 003 | |||
| 005 | 20230120191407.0 | ||
| 040 | _cNUST | ||
| 942 |
_cBOOKS _kREF NA31 _mCUR |
||
| 999 |
_c100330 _d100330 |
||